[Event "Deutsche Ländermeisterschaft 2013"]
[Site "Hannover GER"]
[Date "2013.10.04"]
[Round "5"]
[White "Carow, Johannes"]
[Black "Powierski, Emil"]
[Result "1-0"]
[Termination "normal"]
[Board "1.1"]
[WhiteTitle "18"]
[BlackTitle "18"]
[WhiteElo "2355"]
[BlackElo "2210"]
[WhiteTeam "Rheinland-Pfalz"]
[BlackTeam "Schleswig-Holstein"]
[WhiteFideId "24692050"]
[BlackFideId "4656199"]
[EventCountry "GER"]
[EventRounds "7"]
[EventType "team-swiss"]
[EventDate "2013.10.02"]

1. d4 Nf6 2. c4 e6 3. Nc3 Bb4 4. Qc2 O-O 5. a3 Bxc3+ 6. Qxc3 b6 7. Bg5 Bb7 8.
Nh3 d6 9. f3 Nbd7 10. e4 c5 11. Be2 h6 12. Be3 d5 13. cxd5 exd5 14. e5 Ne8 15.
O-O cxd4 16. Qxd4 Nc7 17. f4 Nc5 18. f5 Ne4 19. Rf4 g5 20. Rff1 Qe7 21. Rac1
Rad8 22. Nf2 Na6 23. b4 Nb8 24. Ng4 Nc6 25. Nxh6+ Kh7 26. Rxc6 Bxc6 27. f6 Qc7
28. Bxg5 Bd7 29. Bd3 Qc6 30. Qe3 Rc8 31. Qf4 Kg6 32. Bxe4+ dxe4 33. Nf5 Rfe8
34. Qg4 Rxe5 35. Bh4+ 1-0

[Event "Deutsche Ländermeisterschaft 2013"]
[Site "Hannover GER"]
[Date "2013.10.04"]
[Round "5"]
[White "Krause, Benedict"]
[Black "Yankelevich, Lev"]
[Result "1/2-1/2"]
[Termination "normal"]
[Board "1.2"]
[WhiteTitle "16"]
[BlackTitle "16"]
[WhiteElo "2142"]
[BlackElo "2197"]
[WhiteTeam "Schleswig-Holstein"]
[BlackTeam "Rheinland-Pfalz"]
[WhiteFideId "12917990"]
[BlackFideId "24684074"]
[EventCountry "GER"]
[EventRounds "7"]
[EventType "team-swiss"]
[EventDate "2013.10.02"]

1. e4 c5 2. Nf3 d6 3. d4 cxd4 4. Nxd4 Nf6 5. Nc3 e5 6. Bb5+ Nbd7 7. Nf5 a6 8.
Ba4 b5 9. Bb3 Nc5 10. Bg5 Nxb3 11. axb3 Bxf5 12. exf5 Be7 13. Bxf6 Bxf6 14. Qd5
O-O 15. O-O e4 16. Nxe4 Bxb2 17. Ra2 Be5 18. Rd1 Re8 19. g3 Qe7 20. Rd3 g6 21.
h4 gxf5 22. Nxd6 Bxd6 23. Qxd6 Qe1+ 24. Kg2 Qe4+ 25. Kh2 Re6 26. Qd5 Rae8 27.
Rd4 Qxd5 28. Rxd5 Rf6 29. Kg2 f4 30. g4 f3+ 31. Kg3 Re2 32. Rc5 h6 33. g5 hxg5
34. hxg5 Rd6 35. Rf5 Rc6 36. Rxf3 Rexc2 37. Rxc2 Rxc2 38. Kg4 Kg7 39. Rf6 a5
40. Rf5 a4 41. Rxb5 axb3 42. Rxb3 1/2-1/2

[Event "Deutsche Ländermeisterschaft 2013"]
[Site "Hannover GER"]
[Date "2013.10.04"]
[Round "5"]
[White "Stahnecker, Ludwig"]
[Black "Kololli, Kevin"]
[Result "1-0"]
[Termination "normal"]
[Board "1.3"]
[WhiteTitle "18"]
[BlackTitle "14"]
[WhiteElo "2141"]
[BlackElo "1976"]
[WhiteTeam "Rheinland-Pfalz"]
[BlackTeam "Schleswig-Holstein"]
[WhiteFideId "24692026"]
[BlackFideId "12936863"]
[EventCountry "GER"]
[EventRounds "7"]
[EventType "team-swiss"]
[EventDate "2013.10.02"]

1. e4 c5 2. Nf3 d6 3. d4 cxd4 4. Nxd4 Nf6 5. Nc3 g6 6. Be3 Bg7 7. f3 O-O 8. Bc4
Nc6 9. Qd2 Nxd4 10. Bxd4 Be6 11. Bb3 Qa5 12. O-O-O Rfc8 13. Kb1 b5 14. Rhe1
Bxb3 15. cxb3 b4 16. Nd5 Nxd5 17. Bxg7 Ne3 18. Qxe3 Kxg7 19. Rd5 Qc7 20. Rc1
Qxc1+ 21. Qxc1 Rxc1+ 22. Kxc1 a5 23. Rb5 Kf6 24. Kd2 Ke6 25. a3 h5 26. Kd3 Kd7
27. Rb7+ Ke6 28. Rc7 Rb8 29. Kc4 Rb6 30. h4 f5 31. a4 fxe4 32. fxe4 Ra6 33. Rc8
Kd7 34. Rg8 Rc6+ 35. Kd3 d5 36. exd5 Rf6 37. Ke3 Rf1 38. Rxg6 Rb1 39. Kd4 Rxb2
40. Kc4 Rc2+ 41. Kb5 Rc3 42. Kxa5 Rxb3 43. Rg5 Rb1 44. Rxh5 b3 45. Kb4 b2 46.
Kb3 Ra1 47. Kxb2 Rxa4 48. g3 Kd6 49. Rg5 e6 50. dxe6 Kxe6 51. Kc3 Kf6 52. Kd3
Rb4 53. Ke3 Ra4 54. Kf3 Rb4 55. Ra5 Kg6 56. Kg2 Rc4 57. Kh3 Rb4 58. Ra6+ Kf5
59. g4+ Kf4 60. Rf6+ Ke5 61. Rf5+ Ke6 62. h5 Rb3+ 63. Kh4 Rb1 64. h6 Rg1 65.
Kh5 Rg2 66. Rf1 Kd5 1-0

[Event "Deutsche Ländermeisterschaft 2013"]
[Site "Hannover GER"]
[Date "2013.10.04"]
[Round "5"]
[White "Schwarzat, Julian"]
[Black "Perske, Thore"]
[Result "1/2-1/2"]
[Termination "normal"]
[Board "1.4"]
[WhiteTitle "20"]
[BlackTitle "14"]
[WhiteElo "2021"]
[BlackElo "2150"]
[WhiteTeam "Schleswig-Holstein"]
[BlackTeam "Rheinland-Pfalz"]
[WhiteFideId "24675857"]
[BlackFideId "12902195"]
[EventCountry "GER"]
[EventRounds "7"]
[EventType "team-swiss"]
[EventDate "2013.10.02"]

1. e3 g6 2. f4 Bg7 3. Nf3 d5 4. d4 c5 5. c3 Nh6 6. Bd3 Bf5 7. O-O O-O 8. Re1
Qb6 9. Bxf5 Nxf5 10. Qb3 Qxb3 11. axb3 b6 12. Nbd2 Nd7 13. Ne5 Nxe5 14. fxe5 h5
15. dxc5 Bxe5 16. e4 dxe4 17. Nxe4 Rfc8 18. b4 Ng7 19. Be3 f5 20. Ng5 Bf6 21.
Nf3 1/2-1/2

[Event "Deutsche Ländermeisterschaft 2013"]
[Site "Hannover GER"]
[Date "2013.10.04"]
[Round "5"]
[White "Carow, Annelen"]
[Black "Polert, Annika"]
[Result "1/2-1/2"]
[Termination "normal"]
[Board "1.5"]
[WhiteTitle "20w"]
[BlackTitle "18w"]
[WhiteElo "1997"]
[BlackElo "1842"]
[WhiteTeam "Rheinland-Pfalz"]
[BlackTeam "Schleswig-Holstein"]
[WhiteFideId "24692492"]
[BlackFideId "24692328"]
[EventCountry "GER"]
[EventRounds "7"]
[EventType "team-swiss"]
[EventDate "2013.10.02"]

1. d4 d5 2. c4 e6 3. Nf3 Be7 4. Qc2 Nf6 5. cxd5 exd5 6. Nc3 O-O 7. Bg5 Nbd7 8.
e3 Re8 9. Bd3 Nf8 10. O-O c6 11. Rab1 a5 12. a3 Ne4 13. Bf4 f5 14. h3 g5 15.
Bh2 Ng6 16. Ne5 Bd6 17. Nxg6 hxg6 18. Rfe1 Bxh2+ 19. Kxh2 Qd6+ 20. Kg1 Re7 21.
f3 Nxc3 22. bxc3 Qxa3 23. e4 fxe4 24. fxe4 dxe4 25. Bxe4 Qd6 26. Bxg6 Rxe1+ 27.
Rxe1 Bd7 28. Re5 Qf6 29. Bh5 a4 30. Qd2 Bf5 31. g4 Bh7 32. Rxg5+ Kf8 1/2-1/2

[Event "Deutsche Ländermeisterschaft 2013"]
[Site "Hannover GER"]
[Date "2013.10.04"]
[Round "5"]
[White "Rieß, Alexander"]
[Black "Schwarz, Larissa"]
[Result "1-0"]
[Termination "normal"]
[Board "1.6"]
[WhiteTitle "12"]
[BlackTitle "16w"]
[WhiteElo "1776"]
[BlackElo "1930"]
[WhiteTeam "Schleswig-Holstein"]
[BlackTeam "Rheinland-Pfalz"]
[WhiteFideId "12953326"]
[BlackFideId "24699004"]
[EventCountry "GER"]
[EventRounds "7"]
[EventType "team-swiss"]
[EventDate "2013.10.02"]

1. e4 c5 2. Nf3 e6 3. d3 Nc6 4. g3 g6 5. Bg2 Bg7 6. O-O Nge7 7. Nbd2 O-O 8. Qe2
b5 9. a4 Rb8 10. axb5 Rxb5 11. e5 Nf5 12. c3 Qc7 13. Nc4 Na5 14. Nxa5 Rxa5 15.
Bg5 Rxa1 16. Rxa1 d6 17. exd6 Nxd6 18. Bf4 Rd8 19. Ne5 Bb7 20. Nc4 Bxg2 21.
Kxg2 Qb7+ 22. Qf3 Qxf3+ 23. Kxf3 Nxc4 24. dxc4 Rd7 25. Ra5 Bf8 26. Rb5 Kg7 27.
Be3 Rc7 28. Ke4 Rc6 29. Bf4 a6 30. Be5+ Kh6 31. Rb7 Bd6 32. Bxd6 Rxd6 33. b4
cxb4 34. cxb4 Rc6 35. Kd4 Kg7 36. c5 Kf8 37. Rb6 Rc8 38. Rxa6 1-0

[Event "Deutsche Ländermeisterschaft 2013"]
[Site "Hannover GER"]
[Date "2013.10.04"]
[Round "5"]
[White "Muckle, Julius"]
[Black "Rosmait, Emily"]
[Result "1-0"]
[Termination "normal"]
[Board "1.7"]
[WhiteTitle "12"]
[BlackTitle "16w"]
[WhiteElo "1829"]
[BlackElo "1733"]
[WhiteTeam "Rheinland-Pfalz"]
[BlackTeam "Schleswig-Holstein"]
[WhiteFideId "12942430"]
[BlackFideId "12937754"]
[EventCountry "GER"]
[EventRounds "7"]
[EventType "team-swiss"]
[EventDate "2013.10.02"]

1. d4 Nf6 2. c4 e6 3. Nc3 Bb4 4. Bd2 O-O 5. a3 Bxc3 6. Bxc3 b6 7. e3 Bb7 8. Nf3
Ne4 9. Rc1 f5 10. Be2 d6 11. O-O Nd7 12. Nd2 Nxc3 13. Rxc3 e5 14. f4 Qf6 15.
Rd3 Qg6 16. Rf2 Rad8 17. Nb1 Nf6 18. Nc3 Ne4 19. Nxe4 Bxe4 20. Rd2 exd4 21.
exd4 d5 22. b4 Kh8 23. c5 Rf6 24. Qa4 Ra8 25. Rd1 Rff8 26. Rc1 Qf6 27. b5 Qe7
28. Qb4 Rfc8 29. Bf1 Kg8 30. Re2 Qh4 31. g3 Qh5 32. Re3 Qe8 33. Rec3 Qd7 34. a4
Kf7 35. a5 Kg8 36. Ra3 Kf7 37. Rca1 Qd8 38. Ra4 Kg8 39. Qa3 Rab8 40. Qb4 Ra8
41. Rc1 Kf7 42. Ra3 Kg8 43. Rac3 Qf8 44. a6 Qe7 45. Qb3 Qd7 46. cxb6 cxb6 47.
Rc6 Rxc6 48. Rxc6 Rc8 49. Qc3 Rxc6 50. Qxc6 Qe7 51. Be2 Qb4 52. Qa8+ Kf7 53.
Qxa7+ Ke8 54. Qb8+ Kd7 55. Qb7+ Ke8 56. Qb8+ Kd7 57. Qb7+ Ke8 58. Qc8+ Ke7 59.
Qc7+ Ke8 60. Qe5+ Kd8 61. Kf2 Qa4 62. Qxg7 Kc8 63. Qb7+ Kd8 64. Qxb6+ 1-0

[Event "Deutsche Ländermeisterschaft 2013"]
[Site "Hannover GER"]
[Date "2013.10.04"]
[Round "5"]
[White "Koop, Thorben"]
[Black "Neef, Maximilian"]
[Result "1/2-1/2"]
[Termination "normal"]
[Board "2.1"]
[WhiteTitle "16"]
[BlackTitle "18"]
[WhiteElo "2223"]
[BlackElo "2252"]
[WhiteTeam "Niedersachsen 1"]
[BlackTeam "Sachsen"]
[WhiteFideId "24661619"]
[BlackFideId "24692085"]
[EventCountry "GER"]
[EventRounds "7"]
[EventType "team-swiss"]
[EventDate "2013.10.02"]

1. Nf3 Nf6 2. g3 g6 3. Bg2 Bg7 4. O-O O-O 5. d4 d6 6. a4 Na6 7. c3 c5 8. a5 Qc7
9. Nbd2 Bd7 10. Nb3 cxd4 11. Nbxd4 e5 12. Nc2 d5 13. Bg5 Be6 14. Nfe1 Rad8 15.
Nd3 h6 16. Bxf6 Bxf6 17. Ncb4 Nxb4 18. Nxb4 d4 19. Qa4 dxc3 20. Rac1 e4 21.
bxc3 e3 22. f4 Bc4 23. Bf3 Rd2 24. Rfe1 Rfd8 25. Nc6 Bxe2 26. Rxe2 bxc6 27.
Rxe3 Be7 28. Qc4 Ba3 29. Rb1 Qxa5 30. Re5 Qc7 31. Qxc6 Rd1+ 32. Rxd1 Rxd1+ 33.
Kg2 Rd2+ 34. Kg1 Qxc6 35. Bxc6 Rc2 36. Re8+ Kg7 37. Bd5 Rxc3 38. Kg2 Rc7 39.
Ra8 Bc5 40. Kf3 Bg1 41. h4 h5 42. Rb8 Rd7 43. Bb3 Bb6 44. Bc4 Kf6 45. Ba6 Rc7
46. Rb7 Rc5 47. Rd7 Ke6 48. Rb7 Rc3+ 49. Kg2 Rc2+ 50. Kf1 f5 51. Be2 Bd4 52.
Rb5 Rc1+ 53. Kg2 Rg1+ 54. Kf3 Bc3 55. Bc4+ Kd6 56. Bf7 Be1 57. Bxg6 Rxg3+ 58.
Ke2 Rxg6 59. Kxe1 Ke6 60. Kf2 Rg4 61. Re5+ Kf6 62. Kf3 Rxh4 63. Ra5 Rh3+ 64.
Kg2 Re3 65. Rxa7 Ke6 66. Rh7 Kd5 67. Rxh5 Ke4 68. Rh8 Kxf4 69. Ra8 Re2+ 70. Kf1
Rd2 71. Ra3 Kg4 72. Rb3 Ra2 73. Rc3 Kf4 74. Rb3 Ke4 75. Rc3 Rh2 76. Ra3 f4 77.
Rb3 Kf5 78. Ra3 Kg4 79. Rb3 Rh5 80. Ra3 Rg5 81. Kf2 Kh4 82. Rb3 Kg4 83. Ra3 Rb5
84. Kf1 Rb4 85. Rc3 Re4 86. Ra3 Re5 87. Rb3 Kh4 88. Kf2 Rg5 89. Ra3 Rg8 90. Rb3
Rg3 91. Rxg3 fxg3+ 92. Kg2 Kg4 93. Kg1 Kf4 94. Kg2 Kg4 95. Kg1 Kf3 96. Kf1 g2+
97. Kg1 Kg3 1/2-1/2

[Event "Deutsche Ländermeisterschaft 2013"]
[Site "Hannover GER"]
[Date "2013.10.04"]
[Round "5"]
[White "Möhn, Hans"]
[Black "Tennert, Simon"]
[Result "1-0"]
[Termination "normal"]
[Board "2.2"]
[WhiteTitle "18"]
[BlackTitle "16"]
[WhiteElo "2184"]
[BlackElo "2163"]
[WhiteTeam "Sachsen"]
[BlackTeam "Niedersachsen 1"]
[WhiteFideId "24647837"]
[BlackFideId "1270445"]
[EventCountry "GER"]
[EventRounds "7"]
[EventType "team-swiss"]
[EventDate "2013.10.02"]

1. Nf3 Nf6 2. c4 e6 3. g3 b6 4. Bg2 Bb7 5. O-O c5 6. Nc3 Be7 7. Re1 d6 8. e4 a6
9. d4 cxd4 10. Nxd4 Qc7 11. Be3 Nbd7 12. Rc1 O-O 13. f4 Rac8 14. g4 Qb8 15. g5
Ne8 16. b3 Qa8 17. Bf2 g6 18. h4 Ng7 19. Qg4 Rfd8 20. f5 Ne5 21. Qh3 gxf5 22.
exf5 Bxg2 23. Qxg2 Qxg2+ 24. Kxg2 Bf8 25. Red1 Ng4 26. f6 Nh5 27. Bg1 Ne5 28.
Nf3 Nf4+ 29. Kg3 Nfd3 30. Rc2 b5 31. Nxe5 Nxe5 32. cxb5 axb5 33. Rdd2 b4 34.
Na4 d5 35. Bb6 Re8 36. Be3 Nd7 37. Kf3 Bd6 38. Ke2 Rxc2 39. Rxc2 e5 40. Rc6 Bb8
41. Nb6 Nxb6 42. Rxb6 d4 43. Bd2 e4 44. Rxb4 d3+ 45. Kd1 Ba7 46. Rb7 Bf2 47.
Re7 Kf8 48. Be1 Bxe1 49. Rxe8+ Kxe8 50. Kxe1 e3 51. a4 Kd7 52. a5 Kc6 53. a6
Kd5 1-0

[Event "Deutsche Ländermeisterschaft 2013"]
[Site "Hannover GER"]
[Date "2013.10.04"]
[Round "5"]
[White "Raum, Sebastian"]
[Black "Richter, Leonard"]
[Result "1/2-1/2"]
[Termination "normal"]
[Board "2.3"]
[WhiteTitle "20"]
[BlackTitle "16"]
[WhiteElo "2147"]
[BlackElo "2020"]
[WhiteTeam "Niedersachsen 1"]
[BlackTeam "Sachsen"]
[WhiteFideId "24673935"]
[BlackFideId "12900290"]
[EventCountry "GER"]
[EventRounds "7"]
[EventType "team-swiss"]
[EventDate "2013.10.02"]

1. e4 c5 2. Nf3 d6 3. d4 cxd4 4. Nxd4 Nf6 5. Nc3 a6 6. Be3 e5 7. Nb3 Be6 8. Qd2
Be7 9. O-O-O Nbd7 10. f4 b5 11. Kb1 Rc8 12. f5 Bc4 13. g4 Nxg4 14. Rg1 Nxe3 15.
Qxe3 Qb6 16. Qg3 Nf6 17. Bxc4 bxc4 18. Nd2 Qb7 19. Qxg7 Rg8 20. Qh6 Rxg1 21.
Rxg1 Rb8 22. b3 Qb4 23. Rg3 Rc8 24. Qe3 Rc5 25. a3 Qb7 26. Ka2 cxb3+ 27. cxb3
d5 28. exd5 Nxd5 29. Nxd5 Qxd5 30. Nc4 Bf6 31. Rg8+ Ke7 32. Qh6 Rxc4 33. bxc4
Qxc4+ 34. Kb1 Qb3+ 35. Kc1 Qxa3+ 36. Kd2 Qb2+ 37. Kd1 Qb3+ 38. Ke2 Qc4+ 39. Kf2
Qc2+ 40. Ke1 Qe4+ 41. Kd1 Qa4+ 42. Ke2 Qc4+ 43. Kf2 Qc2+ 44. Ke1 1/2-1/2

[Event "Deutsche Ländermeisterschaft 2013"]
[Site "Hannover GER"]
[Date "2013.10.04"]
[Round "5"]
[White "Urban, Konstantin"]
[Black "Düssler, Stefanie"]
[Result "0-1"]
[Termination "normal"]
[Board "2.4"]
[WhiteTitle "14"]
[BlackTitle "18w"]
[WhiteElo "1842"]
[BlackElo "2036"]
[WhiteTeam "Sachsen"]
[BlackTeam "Niedersachsen 1"]
[WhiteFideId "12927511"]
[BlackFideId "4634780"]
[EventCountry "GER"]
[EventRounds "7"]
[EventType "team-swiss"]
[EventDate "2013.10.02"]

1. e4 c5 2. Nf3 e6 3. d4 cxd4 4. Nxd4 Nc6 5. Nc3 a6 6. Nxc6 bxc6 7. Bd3 d5 8.
O-O Nf6 9. Kh1 Be7 10. e5 Nd7 11. f4 O-O 12. Rf3 f5 13. exf6 Bxf6 14. Rh3 g6
15. Rg3 Bg7 16. Na4 e5 17. fxe5 Nxe5 18. Be3 Nxd3 19. Qxd3 Rb8 20. c3 Be5 21.
Bh6 Bf5 22. Qe3 Re8 23. Rf3 Bxh2 24. Qg5 Qxg5 25. Bxg5 Bd6 26. Re3 Rxe3 27.
Bxe3 Re8 28. Bc5 Bc7 29. Bd4 Re2 30. Nc5 a5 31. b3 Be4 32. Nd7 Bxg2+ 33. Kg1
Bh3 34. Nf6+ Kf7 35. Nxh7 Bf4 36. b4 axb4 37. cxb4 Rg2+ 38. Kh1 Rd2 39. Bc5 Be5
40. Re1 Bf6 41. Nxf6 Kxf6 42. a4 Bf5 43. Re8 Ra2 44. a5 Bd3 45. Kg1 Kf5 46. Bf2
Bb5 47. Rc8 g5 48. Rf8+ Ke4 49. Rg8 Kf3 50. Rf8+ Ke2 51. Bc5 Kd3 52. Rd8 Kc3
53. Rd6 g4 54. Kh1 g3 55. Kg1 Bd3 56. Rxc6 Be4 57. Bd6+ Kd3 58. Rc1 Rh2 59.
Rd1+ Kc2 0-1

[Event "Deutsche Ländermeisterschaft 2013"]
[Site "Hannover GER"]
[Date "2013.10.04"]
[Round "5"]
[White "Bruns, Kai-Christian"]
[Black "Gungl, Theo"]
[Result "0-1"]
[Termination "normal"]
[Board "2.5"]
[WhiteTitle "14"]
[BlackTitle "12"]
[WhiteElo "1806"]
[BlackElo "1948"]
[WhiteTeam "Niedersachsen 1"]
[BlackTeam "Sachsen"]
[WhiteFideId "12938025"]
[BlackFideId "24695653"]
[EventCountry "GER"]
[EventRounds "7"]
[EventType "team-swiss"]
[EventDate "2013.10.02"]

1. e4 c5 2. c3 d5 3. exd5 Qxd5 4. d4 Nf6 5. Nf3 Bg4 6. Be2 e6 7. h3 Bh5 8. O-O
Nc6 9. Be3 cxd4 10. cxd4 Be7 11. Nc3 Qd7 12. Qb3 O-O 13. Rfd1 Na5 14. Qc2 Bg6
15. Qd2 Bb4 16. Ne5 Qe7 17. Nxg6 hxg6 18. Bf3 Rac8 19. Rac1 Rfd8 20. Qe2 Nc6
21. Na4 Nd5 22. a3 Bd6 23. b4 a5 24. Bxd5 exd5 25. Nb6 Nxd4 26. Qb2 Rxc1 27.
Rxc1 Nf5 28. Nxd5 Qe4 29. Nc3 Qe5 30. bxa5 Qh2+ 31. Kf1 Qh1+ 32. Ke2 Qxg2 33.
Qb6 Ng3+ 34. Ke1 Bc7 0-1

[Event "Deutsche Ländermeisterschaft 2013"]
[Site "Hannover GER"]
[Date "2013.10.04"]
[Round "5"]
[White "Kempe, Anne"]
[Black "Diederichs, Luise"]
[Result "1/2-1/2"]
[Termination "normal"]
[Board "2.6"]
[WhiteTitle "14w"]
[BlackTitle "16w"]
[WhiteElo "1790"]
[BlackElo "1932"]
[WhiteTeam "Sachsen"]
[BlackTeam "Niedersachsen 1"]
[WhiteFideId "12918083"]
[BlackFideId "24661597"]
[EventCountry "GER"]
[EventRounds "7"]
[EventType "team-swiss"]
[EventDate "2013.10.02"]

1. e4 c5 2. Nf3 Nc6 3. d4 cxd4 4. Nxd4 g6 5. c4 Bg7 6. Be3 Nf6 7. Nc3 O-O 8.
Be2 d6 9. O-O Be6 10. Nxe6 fxe6 11. Qd2 Rc8 12. Bh6 Bxh6 13. Qxh6 Qb6 14. Qd2
Ne5 15. b3 Rf7 16. Na4 Qc6 17. f3 Rcf8 18. Rac1 Ned7 19. Kh1 Nh5 20. Nc3 Ne5
21. Nb5 a6 22. Nd4 Qd7 23. Qe3 Nc6 24. Nc2 Nf4 25. g3 Nxe2 26. Qxe2 e5 27. Rcd1
Qe6 28. Rf2 g5 1/2-1/2

[Event "Deutsche Ländermeisterschaft 2013"]
[Site "Hannover GER"]
[Date "2013.10.04"]
[Round "5"]
[White "Bui, Ngoc Han Julia"]
[Black "Schulze, Lara"]
[Result "0-1"]
[Termination "normal"]
[Board "2.8"]
[WhiteTitle "12w"]
[BlackTitle "12w"]
[WhiteElo "1386"]
[BlackElo "1785"]
[WhiteTeam "Sachsen"]
[BlackTeam "Niedersachsen 1"]
[WhiteFideId "12977055"]
[BlackFideId "12956830"]
[EventCountry "GER"]
[EventRounds "7"]
[EventType "team-swiss"]
[EventDate "2013.10.02"]

1. e4 c5 2. Nf3 Nc6 3. d4 cxd4 4. Nxd4 g6 5. Nc3 Bg7 6. Be3 Nf6 7. Bc4 O-O 8.
Bb3 d6 9. f3 Bd7 10. Qd2 a5 11. O-O-O Nxd4 12. Bxd4 b5 13. a3 b4 14. axb4 axb4
15. Na2 Be6 16. Qxb4 Rb8 17. Qa3 Bxb3 18. Nc3 Be6 19. g4 Nd7 20. Bxg7 Kxg7 21.
h4 Ne5 22. Ne2 Ra8 23. Qc3 Rc8 24. Qd4 Rc4 25. Qe3 Qa5 26. Nc3 Qa1+ 27. Nb1
Rfc8 28. Rh2 Rb4 29. c3 Ba2 30. Kc2 Qxb2# 0-1

[Event "Deutsche Ländermeisterschaft 2013"]
[Site "Hannover GER"]
[Date "2013.10.04"]
[Round "5"]
[White "Heyne, Lukas"]
[Black "Mons, Leon"]
[Result "0-1"]
[Termination "normal"]
[Board "3.1"]
[WhiteTitle "18"]
[BlackTitle "18"]
[WhiteElo "2094"]
[BlackElo "2439"]
[WhiteTeam "Bremen"]
[BlackTeam "Bayern"]
[WhiteFideId "24618080"]
[BlackFideId "4614950"]
[EventCountry "GER"]
[EventRounds "7"]
[EventType "team-swiss"]
[EventDate "2013.10.02"]

1. e4 e5 2. Nf3 Nc6 3. Bc4 Bc5 4. O-O Nf6 5. d4 Bxd4 6. Nxd4 Nxd4 7. f4 d6 8.
fxe5 dxe5 9. Bg5 Qe7 10. c3 Ne6 11. Bxf6 Qc5+ 12. Kh1 Qxc4 13. Bxe5 O-O 14. Nd2
Qb5 15. Nf3 Qxb2 16. Nd4 f6 17. Rb1 Qxa2 18. Nxe6 Qxe6 19. Bxc7 Qxe4 20. Qb3+
Be6 21. Qxb7 Bd5 22. Qb2 Rfe8 23. Bg3 h5 24. Rfe1 Qc4 25. Qb4 Qc6 26. Qb2 a5
27. Rxe8+ Rxe8 28. Re1 Rxe1+ 29. Bxe1 Qc4 30. Kg1 Qe4 31. Bg3 h4 0-1

[Event "Deutsche Ländermeisterschaft 2013"]
[Site "Hannover GER"]
[Date "2013.10.04"]
[Round "5"]
[White "Berchtenbreiter, Maximilian"]
[Black "Kollars, Dmitrij"]
[Result "1/2-1/2"]
[Termination "normal"]
[Board "3.2"]
[WhiteTitle "20"]
[BlackTitle "14"]
[WhiteElo "2405"]
[BlackElo "2068"]
[WhiteTeam "Bayern"]
[BlackTeam "Bremen"]
[WhiteFideId "24641120"]
[BlackFideId "12909572"]
[EventCountry "GER"]
[EventRounds "7"]
[EventType "team-swiss"]
[EventDate "2013.10.02"]

1. e4 c5 2. Nf3 d6 3. d4 cxd4 4. Nxd4 Nf6 5. Nc3 g6 6. Be3 Bg7 7. f3 O-O 8. Qd2
Nc6 9. Bc4 Bd7 10. O-O-O Rb8 11. Nxc6 bxc6 12. e5 dxe5 13. Ne4 Bf5 14. Qxd8
Rbxd8 15. Nxf6+ Bxf6 16. Bxa7 e4 17. g4 Bc8 18. Be2 Be6 19. a3 Bd5 20. Rhf1 e5
21. Bb6 Rb8 22. fxe4 Bg5+ 23. Kb1 Bxe4 24. Bc7 Rb7 25. Bd6 Re8 26. a4 Be3 27.
Ba6 Rb6 28. Rfe1 Rxa6 29. Rxe3 Rxa4 30. Rde1 Bd5 31. h3 f6 1/2-1/2

[Event "Deutsche Ländermeisterschaft 2013"]
[Site "Hannover GER"]
[Date "2013.10.04"]
[Round "5"]
[White "Kardoeus, David"]
[Black "Ott, Florian"]
[Result "1/2-1/2"]
[Termination "normal"]
[Board "3.3"]
[WhiteTitle "16"]
[BlackTitle "16"]
[WhiteElo "1973"]
[BlackElo "2086"]
[WhiteTeam "Bremen"]
[BlackTeam "Bayern"]
[WhiteFideId "12912050"]
[BlackFideId "12900281"]
[EventCountry "GER"]
[EventRounds "7"]
[EventType "team-swiss"]
[EventDate "2013.10.02"]

1. e4 c5 2. Nf3 d6 3. Bb5+ Bd7 4. Bxd7+ Qxd7 5. c4 Nf6 6. Nc3 g6 7. d4 cxd4 8.
Nxd4 Bg7 9. O-O O-O 10. f3 Nc6 11. Be3 a6 12. Rc1 Nxd4 13. Bxd4 b5 14. Nd5 Nxd5
15. cxd5 Bxd4+ 16. Qxd4 Rfc8 17. Qe3 Rxc1 18. Rxc1 e6 19. Qb6 exd5 20. exd5 Qe7
1/2-1/2

[Event "Deutsche Ländermeisterschaft 2013"]
[Site "Hannover GER"]
[Date "2013.10.04"]
[Round "5"]
[White "Gretz, Denis"]
[Black "Kügel, Tobias"]
[Result "0-1"]
[Termination "normal"]
[Board "3.4"]
[WhiteTitle "14"]
[BlackTitle "18"]
[WhiteElo "1922"]
[BlackElo "2086"]
[WhiteTeam "Bayern"]
[BlackTeam "Bremen"]
[WhiteFideId "12945188"]
[BlackFideId "4636295"]
[EventCountry "GER"]
[EventRounds "7"]
[EventType "team-swiss"]
[EventDate "2013.10.02"]

1. e4 e5 2. Nf3 Nf6 3. Nxe5 d6 4. Nf3 Nxe4 5. Nc3 Nxc3 6. dxc3 Be7 7. Bf4 Nc6
8. Qd2 Be6 9. O-O-O Qd7 10. Kb1 a6 11. Bd3 O-O-O 12. Nd4 Nxd4 13. cxd4 Qa4 14.
d5 Bxd5 15. b3 Qc6 16. Bf5+ Be6 17. Rhe1 Bf6 18. Bxe6+ fxe6 19. Rxe6 Qxg2 20.
Qe3 Qg4 21. Re1 Be5 22. Re7 Rhe8 23. Rxe8 Rxe8 24. Bg3 g5 25. Qd3 Re7 26. Qd5
Qe6 27. Qe4 Qf6 28. h4 Ba1 0-1

[Event "Deutsche Ländermeisterschaft 2013"]
[Site "Hannover GER"]
[Date "2013.10.04"]
[Round "5"]
[White "Rockmann, Jan-Okke"]
[Black "Berger, Nadja"]
[Result "0-1"]
[Termination "normal"]
[Board "3.5"]
[WhiteTitle "12"]
[BlackTitle "18w"]
[WhiteElo "1783"]
[BlackElo "1780"]
[WhiteTeam "Bremen"]
[BlackTeam "Bayern"]
[WhiteFideId "12942111"]
[BlackFideId "24692212"]
[EventCountry "GER"]
[EventRounds "7"]
[EventType "team-swiss"]
[EventDate "2013.10.02"]

1. e4 c5 2. Nf3 Nc6 3. d4 cxd4 4. Nxd4 e5 5. Nb5 a6 6. Nd6+ Bxd6 7. Qxd6 Qf6 8.
Qxf6 Nxf6 9. f3 d5 10. exd5 Nxd5 11. a3 Bf5 12. Bd3 Bxd3 13. cxd3 Nd4 14. O-O
Rc8 15. Bg5 f6 16. Bd2 Rc2 17. Bc3 Nb3 18. Ra2 Nc1 19. Ra1 Nxd3 20. Rd1 N5f4
21. g3 Nh3+ 0-1

[Event "Deutsche Ländermeisterschaft 2013"]
[Site "Hannover GER"]
[Date "2013.10.04"]
[Round "5"]
[White "Siegl, Melina"]
[Black "Erofeev, Anastasia"]
[Result "1/2-1/2"]
[Termination "normal"]
[Board "3.6"]
[WhiteTitle "16w"]
[BlackTitle "20w"]
[WhiteElo "1784"]
[BlackElo "1763"]
[WhiteTeam "Bayern"]
[BlackTeam "Bremen"]
[WhiteFideId "1272126"]
[BlackFideId "12917915"]
[EventCountry "GER"]
[EventRounds "7"]
[EventType "team-swiss"]
[EventDate "2013.10.02"]

1. e4 e5 2. Nf3 Nc6 3. Bc4 Bc5 4. c3 Nf6 5. d3 a6 6. Bb3 d6 7. h3 h6 8. Nbd2
Be6 9. Bc2 Ba7 10. Nf1 d5 11. Qe2 d4 12. Bd2 Qe7 13. Ba4 Bd7 14. Ng3 b5 15. Bb3
Qd6 16. O-O Ne7 17. cxd4 Bxd4 18. Nxd4 Qxd4 19. Be3 Qd6 20. Rac1 Be6 21. Bxe6
fxe6 22. Bc5 Qd7 23. Bxe7 Kxe7 24. Rc5 Qd6 25. Rfc1 Rhc8 26. Kh1 c6 27. Qc2 Rd8
28. Qc3 Rac8 29. Rxe5 Qxd3 30. Rc5 Qxc3 31. R5xc3 Kd7 32. Rc5 Rc7 33. f3 Rdc8
34. Ne2 Nh7 35. Nf4 Nf8 36. Nh5 Ke8 37. Nf4 Ke7 38. b4 Nd7 39. R5c2 Ne5 40. Rc5
Nd7 41. R5c2 1/2-1/2